00368nam a2200133Ia 4500008004000000020001800040082001800058100004000076245003400116250000500150260005700155300001400212650000800226210210b2002 xxu||||| |||| 00| 0 eng d a81 7520 069 3 a378.0025 UNIV aASSOCIATION OF INDIAN UNIVERSITIES. aUNIVERSITIES handbook. Ed 29. a aNew Delhi.bAssociation of indian universitiesc2002 axxii,1252 aAIU